|
|
|
|
| LEADER |
01274nam a2200325 a 4500 |
| 001 |
c000178888 |
| 003 |
CARM |
| 005 |
20041126124040.0 |
| 008 |
761105s1975 fr b i000 0 eng |
| 010 |
|
|
|a 76375737 //r85
|
| 015 |
|
|
|a F***
|
| 019 |
1 |
|
|a 795239
|z 45113475
|z 1912014
|5 LACONCORD2021
|
| 020 |
|
|
|a 9264114378 :
|c $6.50 (U.S.)
|
| 035 |
|
|
|a (OCoLC)2117099
|5 LACONCORD2021
|
| 040 |
|
|
|a LC
|b eng
|c LC
|d AIAC
|
| 043 |
|
|
|a u-at---
|
| 050 |
0 |
0 |
|a HD5701
|b .O22 no. 16
|a HD5850.A6
|
| 082 |
0 |
4 |
|a 331.1/1 s
|2 19
|
| 082 |
0 |
4 |
|a 331.1/1/0994
|2 19
|
| 110 |
2 |
|
|a Organisation for Economic Co-operation and Development.
|
| 245 |
1 |
0 |
|a Manpower policy in Australia.
|
| 260 |
|
|
|a Paris :
|b Organisation for Economic Co-operation and Development ;
|a [Washington, D.C. :
|b sold by OECD Publications Center],
|c c1975.
|
| 300 |
|
|
|a 136 p. ;
|c 24 cm.
|
| 440 |
|
0 |
|a OECD reviews of manpower and social policies ;
|v 16
|
| 504 |
|
|
|a Includes bibliographical references.
|
| 650 |
|
0 |
|a Manpower policy
|z Australia.
|
| 650 |
|
0 |
|a Labor policy
|z Australia.
|
| 852 |
8 |
|
|b CARM
|h A2:AO09F0
|i C06267
|p 0247633
|f BK
|
| 999 |
f |
f |
|i 2361df2f-eea0-5fe5-bf81-f6e4e2030468
|s 96f43954-c49d-535c-96a9-cc64769d1e67
|
| 952 |
f |
f |
|p Can circulate
|a CAVAL
|b CAVAL
|c CAVAL
|d CARM 1 Store
|e C06267
|f A2:AO09F0
|h Other scheme
|i book
|m 0247633
|